01615nam a2200217 i 4500003000900000005001700009007000300026008004100029020001800070040003100088082001800119100003300137245008300170264005400253300003800307336002700345337003300372338002800405500003600433520092800469DO-SdBNP20250508092550.0ta250508b2025 |||g|||| |||| 00| 0 spa d a9789945292350 aDO-SdBNPbspacBNPHU erda axxxbC2272221 aCanoute, Dieuvyeautor4aut.04aMEM Método de enseñanza musical: bteoría & práctica /cDieuvy Canoute 1aSanto Domingo :b[editor no identificado].c2025. a333 páginas :bmúsicac28 cm. atextobtxt2rdacontent asin mediaciónbn2rdamedia avolumenbnc2rdacarrier aLibro en espiral y pasta dura.  aEste método de enseñanza musical es "una exposición de conocimientos teóricos y habilidades prácticas, de manera clara y ordenada". Basada en: Comprensión, memorización, resolución de ejercicios y la evaluación del aprendizaje. Contiene: 1) Una introducción a la música; nociones de: escritura, escala, intervalo y acorde. Una evaluación del aprendizaje teórico y un plan de estudio general del método. 2) Práctica: Lectura musical, gráficos para escalas y acordes en guitarra, armonía de acordes (en partitura para piano y cifrado de acordes; con progresiones de acordes mas usadas); partituras para guitarra, piano [canciones (melodías con letras y acordes) y obras instrumentales]; Partituras para batería, bajo (basada en las mismas progresiones de acordes de capítulo anterior para piano) y ejercicios vocales. Destinado primeramente a mis estudiantes y el público general.